Katha क Prize Stories/ (Record no. 216817)
[ view plain ]
| 000 -LEADER | |
|---|---|
| fixed length control field | 00734cam a2200229 a 4500 |
| 005 - DATE AND TIME OF LATEST TRANSACTION | |
| control field | 20260701150000.0 |
| 010 ## - LCCN (DPL NO) | |
| LC control number | ENG-148943 |
| 020 ## - INTERNATIONAL STANDARD BOOK NUMBER | |
| International Standard Book Number | 9788185586090 |
| Terms of availability | 200.00 |
| 035 ## - SYSTEM CONTROL NUMBER | |
| System control number | EN-132475 |
| 037 ## - SOURCE OF ACQUISITION | |
| Source of stock number/acquisition | DBAD |
| 082 ## - DEWEY DECIMAL CLASSIFICATION NUMBER | |
| Edition number | 1 |
| Classification number | S |
| 245 ## - TITLE STATEMENT | |
| Title | Katha क Prize Stories/ |
| Statement of responsibility, etc | Edited By Geeta Dharmarajan |
| 250 ## - EDITION STATEMENT | |
| Edition statement | 1 |
| 260 ## - PUBLICATION, DISTRIBUTION, ETC. (IMPRINT) | |
| Place of publication, distribution, etc | New Delhi |
| Name of publisher, distributor, etc | Katha |
| Date of publication, distribution, etc | 1992 |
| 270 ## - ADDRESS | |
| Address | A3 Sarvodaya Enclave Sri Aurobindo Marg, |
| City | New Delhi |
| Postal code | 110017 |
| Telephone number | 26524350 |
| Fax number | 26514373 |
| Electronic mail address | kathavilasam@katha.org |
| 300 ## - PHYSICAL DESCRIPTION | |
| Extent | 284p. |
| Dimensions | 22cm(pb0 |
| 490 ## - SERIES STATEMENT | |
| Volume number/sequential designation | 2 |
| 650 ## - SUBJECT ADDED ENTRY--TOPICAL TERM | |
| Topical term or geographic name as entry element | Short stories, Indic |
| General subdivision | Translations into English. |
| 650 ## - SUBJECT ADDED ENTRY--TOPICAL TERM | |
| Topical term or geographic name as entry element | Indic fiction |
| Chronological subdivision | 20th century |
| General subdivision | Translations into English. |
| 700 ## - ADDED ENTRY--PERSONAL NAME | |
| Personal name | Dharmarajan, Geeta |
| Relator term | Editor |
| 942 ## - ADDED ENTRY ELEMENTS (KOHA) | |
| Source of classification or shelving scheme | Dewey Decimal Classification |
| Item type | English Books |
| Call number suffix | KAT |
| Classification part | S |
| Withdrawn status | Lost status | Not for loan | Collection code | Home library | Current library | Date acquired | Source of acquisition | Cost, normal purchase price | Full call number | Barcode | Copy number | Cost, replacement price | Koha item type |
|---|---|---|---|---|---|---|---|---|---|---|---|---|---|
| Not For Loan | Non-fiction | D.B.Act.Division | D.B.Act.Division | 01/07/2026 | Delivery of Books Act Division | 200.00 | KAT S | EN-132481 | 1 | 200.00 | English Books |
